Normal view
MARC view
Entry Personal Name
001 - CONTROL NUMBER
- control field: 26888
003 - CONTROL NUMBER IDENTIFIER
- control field: OSt
005 - DATE AND TIME OF LATEST TRANSACTION
- control field: 20230627145314.0
008 - FIXED-LENGTH DATA ELEMENTS
- fixed length control field: 230627|| aca||aabn | a|a d
040 ## - CATALOGING SOURCE
- Original cataloging agency: OSt
- Transcribing agency: OSt
100 ## - HEADING--PERSONAL NAME
- Personal name: လႃႉထုၼ်း
- Titles and other words associated with a name: ၸဝ်ႈၸရေး၊ ၵဵင်းတုင်
670 ## - SOURCE DATA FOUND
- Source citation: Work cat.: (OSt): လႃႉထုၼ်း ၸဝ်ႈၸရေး၊ ၵဵင်းတုင်, ပိုၼ်းၸၢတ်ႈၼေႃႇလွင်းၸဝ်ႈ (10) ၸၢတ်ႈ /, 2019